Essentials of capacity management / (Record no. 685)

MARC details
000 -LEADER
fixed length control field 01486cam a2200337 a 4500
001 - CONTROL NUMBER
control field 12851582
005 - DATE AND TIME OF LATEST TRANSACTION
control field 20210414113923.0
008 - FIXED-LENGTH DATA ELEMENTS--GENERAL INFORMATION
fixed length control field 020712s2002 nyua b 001 0 eng d
010 ## - LIBRARY OF CONGRESS CONTROL NUMBER
LC control number 2002283823
015 ## - NATIONAL BIBLIOGRAPHY NUMBER
National bibliography number GBA2-Z5906
020 ## - INTERNATIONAL STANDARD BOOK NUMBER
International Standard Book Number 0471207462
035 ## - SYSTEM CONTROL NUMBER
System control number (OCoLC)ocm48752851
040 ## - CATALOGING SOURCE
Original cataloging agency UKM
Transcribing agency UKM
Modifying agency TXH
-- TXA
-- DLC
042 ## - AUTHENTICATION CODE
Authentication code lccopycat
050 00 - LIBRARY OF CONGRESS CALL NUMBER
Classification number HD69.C3Y83
Item number
082 00 - DEWEY DECIMAL CLASSIFICATION NUMBER
Classification number 658.5
Edition number 21
100 1# - MAIN ENTRY--PERSONAL NAME
Personal name Yu-Lee, Reginald Tomas,
Dates associated with a name 1964-
245 10 - TITLE STATEMENT
Title Essentials of capacity management /
Statement of responsibility, etc. Reginald Tomas Yu-Lee.
260 ## - PUBLICATION, DISTRIBUTION, ETC.
Place of publication, distribution, etc. New York :
Name of publisher, distributor, etc. Wiley,
Date of publication, distribution, etc. c2002.
300 ## - PHYSICAL DESCRIPTION
Extent xiii, 242 p. :
Other physical details ill.
Dimensions 23 cm.
440 #0 - SERIES STATEMENT/ADDED ENTRY--TITLE
Title Essentials series
504 ## - BIBLIOGRAPHY, ETC. NOTE
Bibliography, etc. note Includes bibliographic references and index.
505 ## - FORMATTED CONTENTS NOTE
Formatted contents note Contents: Capacity management -- Defining entity capacity and operation capacity -- Measuring capacity -- Process fundamentals -- Creating processes from capacity management -- Capacity optimization -- Elements of effective capacity management.
650 #0 - SUBJECT ADDED ENTRY--TOPICAL TERM
Topical term or geographic name entry element Industrial capacity
General subdivision Management.
856 42 - ELECTRONIC LOCATION AND ACCESS
Materials specified Contributor biographical information
Uniform Resource Identifier <a href="http://www.loc.gov/catdir/bios/wiley044/2002283823.html">http://www.loc.gov/catdir/bios/wiley044/2002283823.html</a>
856 42 - ELECTRONIC LOCATION AND ACCESS
Materials specified Publisher description
Uniform Resource Identifier <a href="http://www.loc.gov/catdir/description/wiley036/2002283823.html">http://www.loc.gov/catdir/description/wiley036/2002283823.html</a>
856 41 - ELECTRONIC LOCATION AND ACCESS
Materials specified Table of contents
Uniform Resource Identifier <a href="http://www.loc.gov/catdir/toc/wiley023/2002283823.html">http://www.loc.gov/catdir/toc/wiley023/2002283823.html</a>
906 ## - LOCAL DATA ELEMENT F, LDF (RLIN)
a 7
b cbc
c copycat
d 2
e ncip
f 20
g y-gencatlg
942 ## - ADDED ENTRY ELEMENTS (KOHA)
Source of classification or shelving scheme Library of Congress Classification
Koha item type Books
Holdings
Withdrawn status Lost status Source of classification or shelving scheme Damaged status Not for loan Home library Current library Shelving location Date acquired Total Checkouts Full call number Barcode Date last seen Copy number Price effective from Koha item type
    Library of Congress Classification     WISCONSIN INTERNATIONAL UNIVERSITY COLLEGE, GHANA - MAIN LIBRARY WISCONSIN INTERNATIONAL UNIVERSITY COLLEGE, GHANA - MAIN LIBRARY General Stacks 30/03/2012   HD69.C3Y83 1702/12 30/03/2012 1 30/03/2012 Books
    Library of Congress Classification     WISCONSIN INTERNATIONAL UNIVERSITY COLLEGE, GHANA - MAIN LIBRARY WISCONSIN INTERNATIONAL UNIVERSITY COLLEGE, GHANA - MAIN LIBRARY General Stacks 30/03/2012   HD69.C3Y831 1703/12 30/03/2012 2 30/03/2012 Books
    Library of Congress Classification     WISCONSIN INTERNATIONAL UNIVERSITY COLLEGE, GHANA - MAIN LIBRARY WISCONSIN INTERNATIONAL UNIVERSITY COLLEGE, GHANA - MAIN LIBRARY General Stacks 30/03/2012   HD69.C3Y832 1704/12 30/03/2012 3 30/03/2012 Books

If you have any concerns or questions; kindly contact the library


© Powered by WIUC ICT DIRECTORATE